|
|
|
|
| LEADER |
00000nab a2200000 a 4500 |
| 001 |
vtls000332635 |
| 003 |
SK-MaSNL |
| 005 |
20260304075729.0 |
| 008 |
250424c1988 xo 0 slo |
| 015 |
|
|
|a SNBRB19rr/mm-uuuuu
|
| 035 |
|
|
|a CL0332757
|
| 035 |
|
|
|a urn:nbn:sk:snk-abbiiu
|
| 035 |
|
|
|a (urnnbn)urn:nbn:sk:snk:ar-000qmh
|
| 035 |
|
|
|a (uuid)200838af-bafb-4eae-a01d-bd1fcc92ed92
|
| 040 |
|
|
|a SNKBUCL
|b slo
|c SNKBUCL
|e AACR2
|
| 041 |
0 |
|
|a slo
|
| 044 |
|
|
|a xo
|c SK
|
| 080 |
|
|
|a 025.305(437.6)(048)
|2 1981
|
| 100 |
1 |
|
|a šh
|4 aut
|9 921801
|
| 245 |
1 |
0 |
|a Podnet k aktivite
|c šh
|
| 650 |
0 |
7 |
|a katalogizácia knižničná
|2 snkbucl
|9 940432
|
| 655 |
|
7 |
|a články z novín a časopisov
|2 snkbucl
|9 267496
|
| 773 |
0 |
|
|t Čitateľ
|g Roč. 37, č. 9 (1988), s. 340-341
|
| 787 |
0 |
8 |
|i Rec.:
|t Perspektívy katalógov a katalogizácie 87
|d Bratislava : Slovenská technická knižnica, 1987
|
| 850 |
|
|
|a Slovenská národná knižnica
|
| 852 |
|
|
|a Slovenská národná knižnica
|
| 954 |
|
|
|a odborná, vedecká literatúra pôvodná (slovenská)
|2 lita
|
| 958 |
|
|
|a article15
|
| 958 |
|
|
|a OND
|
| 958 |
|
|
|a RK
|
| 958 |
|
|
|a KL
|
| 958 |
|
|
|a EUIPO
|
| 992 |
|
|
|a RBX
|
| 999 |
|
|
|c 2783021
|d 2784951
|